Простой тест по Гарри Поттеру (книга) - Statistics

General Stats
  • This quiz has been taken 4 159 times
  • The average score is 20 of 30
Answer Stats
Вопрос Ответ % Correct
В какую школу ходил Гарри Поттер? Хогвартс
95%
Как зовут лучшую подругу Гарри? Гермиона Грэйнджер
91%
Как зовут лучшего друга Гарри? Рон Уизли
90%
Кто первый говорит Гарри о том, что он волшебник? Хагрид
86%
Как зовут директора школы, в которую ходит Гарри? Дамблдор
85%
Как зовут главного врага Гарри? Лорд Воландеморт
83%
Какое это животное? Сова
83%
На каком факультете учится Драко Малфой? Слизерин
81%
С какой платформы ходят поезда в школу волшебства? 9 3/4
80%
В какой стране происходят действия книг? Англия
77%
Как зовут учителя, ведущего зельеварение? (с 1 по 5 части) Северус Снейп
75%
Кто написал книги о Гарри Поттере? Роулинг
73%
Как зовут мать гарри? Лили Поттер
69%
Какая позиция у Гарри в этой игре? Ловец
68%
Каким существом является Добби? Домашний эльф
68%
Какая спортивная игра популярна среди волшебников? Квиддич
67%
В гербе какого факультета присутствуют синие и голубые цвета? Когтевран
66%
Из какой тюрьмы сбежал Сириус Блэк? Азкабан
66%
Кто живёт в закрытом туалете для девочек? Плакса Миртл
64%
Кто погиб на турнире трех волшебников? Седрик Диггори
62%
Кто высасывает радость и положительные эмоции из людей? Дементор
62%
Как зовут близнеца Джорджа Уизли? Фред
60%
Как зовут питомца Гарри? Букля
59%
Какое существо встретил Гарри в тайной комнате? Василиск
55%
Как зовут змею Воландеморта? Нагайна
55%
Что делает заклинание "алохомора"? Открывает замок
55%
Чем являются дневник Тома Рэдла и диадема Кандиды Когтевран? Крестражи
55%
У кого были серёжки из редисок? Полумна Лавгуд
53%
Какой бал устраивается в школе волшебства? Святочный Бал
36%
Как зовут полтергейста, живущего в школе? Пивз
31%
No matching quizzes found
Score Distribution
Percent of People with Each Score
Percentile by Number Answered
Your Score History
You have not taken this quiz